Léčení = Treatment /

Main Author: Láníková, Kristina, 1988-
Other Authors: Fields, Nathan, 1977-
Language: Czech
English
Published: [Praha] : Akademie výtvarných umění v Praze, 2024
Subjects:
Physical Description: 167 stran : barevné ilustrace ; 24 cm + 1 list (30 x 21 cm složeno na 15 x 6 cm)
Language note: Souběžný anglický text (v příloze)
Book
Saved in:
LEADER 02336nam a2200649 i 4500
001 nkc20253673629
003 CZ PrNK
005 20250318091014.0
007 ta
008 250220s2024 xr a e 000 0 cze
015 |a cnb003673629 
020 |a 978-80-88366-52-2  |q (brožováno) 
035 |a (OCoLC)1514347430 
040 |a OLA001  |b cze  |d ABA001  |e rda 
041 1 |a cze  |a eng  |h cze 
043 |a e-xr--- 
045 |a y-y- 
072 7 |a 72/76  |x Výtvarné umění  |2 Konspekt  |9 21 
080 |a 72/76:159.931  |2 MRF 
080 |a 7.036/.038  |2 MRF 
080 |a 615.214  |2 MRF 
080 |a 616-08  |2 MRF 
080 |a 7.04  |2 MRF 
080 |a (437.3)  |2 MRF 
080 |a (084.11)  |2 MRF 
100 1 |a Láníková, Kristina,  |d 1988-  |7 xx0193644  |4 aut 
245 1 0 |a Léčení =  |b Treatment /  |c Kristina Láníková ; překlad do angličtiny Nathan Fields 
246 3 1 |a Treatment 
264 1 |a [Praha] :  |b Akademie výtvarných umění v Praze,  |c 2024 
300 |a 167 stran :  |b barevné ilustrace ;  |c 24 cm +  |e 1 list (30 x 21 cm složeno na 15 x 6 cm) 
336 |a text  |b txt  |2 rdacontent 
336 |a statický obraz  |b sti  |2 rdacontent 
337 |a bez média  |b n  |2 rdamedia 
338 |a svazek  |b nc  |2 rdacarrier 
338 |a list  |b nb  |2 rdacarrier 
500 |a Na obálce přilepen list z poznámkového bločku 
546 |a Souběžný anglický text (v příloze) 
600 1 7 |a Láníková, Kristina,  |d 1988-  |7 xx0193644  |2 czenas 
648 7 |a 21. století  |7 ch460559  |2 czenas 
650 0 7 |a vizuální umění  |7 ph220318  |z Česko  |y 21. století  |2 czenas 
650 0 7 |a moderní umění  |7 ph115340  |z Česko  |2 czenas 
650 0 7 |a psychofarmaka  |7 ph124796  |2 czenas 
650 0 7 |a terapie  |7 ph116435  |2 czenas 
650 0 7 |a umělecké náměty  |7 ph138227  |2 czenas 
650 0 9 |a visual art  |z Czechia  |y 21st century  |2 eczenas 
650 0 9 |a modern art  |z Czechia  |2 eczenas 
650 0 9 |a psychotropic drugs  |2 eczenas 
650 0 9 |a therapy  |2 eczenas 
650 0 9 |a artistic themes  |2 eczenas 
655 7 |a obrazové publikace  |7 fd132947  |2 czenas 
655 9 |a pictorial works  |2 eczenas 
700 1 |a Fields, Nathan,  |d 1977-  |7 mzk2017940654  |4 trl 
910 2 |a BOA001  |b 2-1486.526 
990 |a BK 
995 |a 01 
991 |b 202503  |c NOV 
996 6 |b 2610995681  |c 2-1486.526  |l MZK  |r Sklad / do 1 hodiny  |n 0  |p p.v.  |w 001996338  |u 000010  |a 1  |e BOA001  |j MZK50  |s P